000
00219nam a22000857a 4500
008
161116b xxu||||| |||| 00| 0 eng d
100
_9
1242
_a
BPI India
245
_a
The Fox who Lost Tail
260
_a
New Delhi
_b
BPI India
_c
2011
999
_c
3947
_d
3947